<?xml version="1.0" encoding="UTF-8"?>
<record
    xmlns:xsi="http://www.w3.org/2001/XMLSchema-instance"
    xsi:schemaLocation="http://www.loc.gov/MARC21/slim http://www.loc.gov/standards/marcxml/schema/MARC21slim.xsd"
    xmlns="http://www.loc.gov/MARC21/slim">

  <leader>00763nam a22001937a 4500</leader>
  <datafield tag="999" ind1=" " ind2=" ">
    <subfield code="c">173911</subfield>
    <subfield code="d">173911</subfield>
  </datafield>
  <controlfield tag="005">20200312113550.0</controlfield>
  <datafield tag="010" ind1=" " ind2=" ">
    <subfield code="a">B-50633</subfield>
  </datafield>
  <datafield tag="020" ind1=" " ind2=" ">
    <subfield code="c">120.00</subfield>
  </datafield>
  <datafield tag="035" ind1=" " ind2=" ">
    <subfield code="a">B-50633</subfield>
  </datafield>
  <datafield tag="037" ind1=" " ind2=" ">
    <subfield code="b">BPPD/Pub.</subfield>
  </datafield>
  <datafield tag="082" ind1=" " ind2=" ">
    <subfield code="a">615.5403</subfield>
  </datafield>
  <datafield tag="100" ind1=" " ind2=" ">
    <subfield code="a">&#x637;&#x627;&#x6C1;&#x631; &#x645;&#x62D;&#x645;&#x648;&#x62F; &#x628;&#x679;</subfield>
  </datafield>
  <datafield tag="245" ind1=" " ind2=" ">
    <subfield code="a">&#x62E;&#x648;&#x627;&#x635; &#x6A9;&#x627; &#x627;&#x646;&#x633;&#x627;&#x6CC;&#x6A9;&#x644;&#x648;&#x67E;&#x6CC;&#x691;&#x6CC;&#x627;: &#x62F;&#x631;&#x62E;&#x62A;&#x648;&#x6BA; &#x627;&#x648;&#x631; &#x67E;&#x648;&#x62F;&#x648;&#x6BA; &#x6A9;&#x6D2; &#x62E;&#x648;&#x627;&#x635; /</subfield>
    <subfield code="c">&#x637;&#x627;&#x6C1;&#x631; &#x645;&#x62D;&#x645;&#x648;&#x62F; &#x628;&#x679; [&#x627;&#x648;&#x631;] &#x639;&#x628;&#x62F; &#x627;&#x644;&#x631;&#x62D;&#x645;&#x627;&#x646; &#x6A9;&#x634;&#x645;&#x6CC;&#x631;&#x6CC;</subfield>
  </datafield>
  <datafield tag="246" ind1=" " ind2=" ">
    <subfield code="a">Khawas Ka Encyclopaedia No.3 Darakhton Aur Paudon Ke Khawas /</subfield>
    <subfield code="b">by Tahir Mahmood Bat [and] Abdur Rahman Kashmiri</subfield>
  </datafield>
  <datafield tag="260" ind1=" " ind2=" ">
    <subfield code="a">New Delhi</subfield>
    <subfield code="b">Faizal Publications</subfield>
    <subfield code="c">2001 &#x621;</subfield>
  </datafield>
  <datafield tag="270" ind1=" " ind2=" ">
    <subfield code="a">2241, Koocha Chalan, Daryaganj</subfield>
    <subfield code="b">New Delhi</subfield>
    <subfield code="e">2</subfield>
  </datafield>
  <datafield tag="300" ind1=" " ind2=" ">
    <subfield code="a">&#x635;</subfield>
    <subfield code="c">22cm(Hb)</subfield>
  </datafield>
  <datafield tag="942" ind1=" " ind2=" ">
    <subfield code="2">ddc</subfield>
    <subfield code="c">UR</subfield>
    <subfield code="h">615.5403</subfield>
    <subfield code="m">&#x628; &#x679; &#x637;</subfield>
  </datafield>
  <datafield tag="952" ind1=" " ind2=" ">
    <subfield code="0">0</subfield>
    <subfield code="1">0</subfield>
    <subfield code="4">0</subfield>
    <subfield code="7">0</subfield>
    <subfield code="8">NFIC</subfield>
    <subfield code="a">L</subfield>
    <subfield code="b">L</subfield>
    <subfield code="d">2020-03-12</subfield>
    <subfield code="e">BPPD/Ven.</subfield>
    <subfield code="g">120.00</subfield>
    <subfield code="l">0</subfield>
    <subfield code="o">615.5403 &#x628; &#x679; &#x637;</subfield>
    <subfield code="p">B-50633</subfield>
    <subfield code="r">2020-03-12 00:00:00</subfield>
    <subfield code="t">1</subfield>
    <subfield code="v">120.00</subfield>
    <subfield code="w">2020-03-12</subfield>
    <subfield code="y">UR</subfield>
  </datafield>
</record>
